Canada Area Codes - Map Quiz - Statistics

General Stats
  • This quiz has been taken 426 times
  • The average score is 10 of 20
Answers on the Map
Answers color-coded by a green-red scale on the quiz's map according to % correct below.
 
Answer Stats
Answer % Correct
867
60%
204
59%
250
58%
604
58%
403
54%
306
52%
780
52%
902
52%
506
51%
705
48%
416
47%
418
47%
613
46%
807
45%
819
45%
905
45%
514
44%
709
43%
519
42%
450
40%
No matching quizzes found
Score Distribution
Percent of People with Each Score
Percentile by Number Answered
Your Score History
You have not taken this quiz